000 00495nam a2200169Ia 4500
003 GCL
008 140319s9999 xx 000 0 ara d
040 _aGCL /
_cGCL
082 0 4 _a801.95
_bت ن
100 1 _aايجلتون، تيرى
245 1 0 _aالنقد والايديولوجية /
_cايجلتون، تيرى
260 _a[S.N] :
_bالمؤسسة العربية للدراسات والنشر ،
_c1992
300 _a231 ص
490 _a
650 0 4 _aالادب
942 _2ddc
_cBK
999 _c55846
_d55846